Caperucita en la zona roja

Gorde:
Xehetasun bibliografikoak
Egile nagusia: Argueta Cañas, Manlio 1935-
Formatua: Ezezaguna
Hizkuntza:Spanish
Argitaratua: La Habana, Cuba Casa de las Américas 1977
Gaiak:
Etiketak: Etiketa erantsi
Etiketarik gabe, Izan zaitez lehena erregistro honi etiketa jartzen!

MARC

LEADER 000000000a22000000004500
001 000072
008 140516s1977 cu |||f |||| 000 f spa d
041 0 |a español 
082 |a ES863.4 A694ca 
100 1 |a Argueta Cañas, Manlio  |d  1935- 
245 1 0 |a Caperucita en la zona roja  |c Manlio Argueta 
260 |a La Habana, Cuba  |b Casa de las Américas  |c 1977 
300 |a 217 páginas 
500 |a Número de inscripción 00005 
650 4 |a LITERATURA SALVADOREÑA  |v NOVELA 
942 |2 ddc  |c BK 
999 |c 977  |d 977